[Event "Foxwoods Open"]
[Site "Ledyard, CT"]
[Date "2009.04.09"]
[Round "3"]
[White "Cardona, Liulia"]
[Black "Yagiz, Bora"]
[Result "0-1"]
[WhiteElo "2181"]
[BlackElo "1924"]
[PlyCount "74"]
[EventDate "2009.04.??"]
[EventRounds "9"]
[EventCountry "USA"]
[Source "MonRoi"]

1. e4 c5 2. b3 b6 3. Bb2 Bb7 4. Qg4 Nf6 5. Bxf6 gxf6 6. Nc3 Nc6 7. Nh3 h5 8.
Qh4 Ne5 9. Nf4 Ng6 10. Nxg6 fxg6 11. Qg3 g5 12. e5 e6 13. f4 f5 14. fxg5 h4 15.
Qf4 a6 16. Rg1 Be7 17. g6 Bg5 18. Qf2 Qc7 19. Bd3 Qxe5+ 20. Qe2 Qf6 21. Rf1 Kd8
22. Rb1 d5 23. Na4 Kc7 24. Kd1 Kc6 25. c4 Rad8 26. cxd5+ Rxd5 27. Be4 Rhd8 28.
Bxd5+ Rxd5 29. g7 Qxg7 30. Qxe6+ Rd6 31. Qe8+ Kc7 32. Rxf5 Rxd2+ 33. Ke1 Rd7
34. Qe5+ Qxe5+ 35. Rxe5 Bf4 36. Re2 Bxh2 37. Rd1 Bg3+ 0-1

[Event "Foxwoods Open"]
[Site "Ledyard, CT"]
[Date "2009.04.09"]
[Round "3"]
[White "Figler, Ilya"]
[Black "Lucente, Mike"]
[Result "1/2-1/2"]
[WhiteElo "2269"]
[BlackElo "2010"]
[PlyCount "108"]
[EventDate "2009.04.??"]
[EventRounds "9"]
[EventCountry "USA"]
[Source "MonRoi"]

1. c4 Nf6 2. Nc3 c6 3. Nf3 d5 4. e3 g6 5. d4 Bg7 6. Be2 O-O 7. O-O Nbd7 8. cxd5
cxd5 9. Qb3 e6 10. Bd2 Ne4 11. Rfc1 Nxd2 12. Nxd2 Nf6 13. Nb5 Ne8 14. a4 Bd7
15. Qb4 a6 16. Nc3 Bc6 17. a5 Qd6 18. Qb6 Nf6 19. Na2 Rfc8 20. Qb4 Bf8 21. Qxd6
Bxd6 22. Nb3 Nd7 23. Rc3 Rc7 24. Rac1 Rac8 25. f4 Ba4 26. Nd2 Rxc3 27. Rxc3
Rxc3 28. Nxc3 Bc2 29. Na2 Nb8 30. b4 Nc6 31. b5 axb5 32. Bxb5 Nxa5 33. Kf2 Kf8
34. h3 Ke7 35. g4 Nc6 36. Ke2 Na7 37. Bd3 Bxd3+ 38. Kxd3 Nc6 39. g5 Nb4+ 40.
Nxb4 Bxb4 41. Nf3 Bd6 42. Nh2 f5 43. Kc3 Kd7 44. Nf3 Kc6 45. Ne1 Kb5 46. Nd3
Ka4 47. Kb2 b6 48. Kc3 Ka3 49. Kc2 Bb4 50. h4 Bd6 51. Kc3 b5 52. Kc2 b4 53. Nc1
Bc7 54. Nb3 Bb8 1/2-1/2

[Event "Foxwoods Open"]
[Site "Ledyard, CT"]
[Date "2009.04.09"]
[Round "3"]
[White "Hanken, Jerome"]
[Black "Sapozhnikov, Roman"]
[Result "0-1"]
[WhiteElo "2200"]
[BlackElo "2327"]
[PlyCount "52"]
[EventDate "2009.04.??"]
[EventRounds "9"]
[EventCountry "USA"]
[Source "MonRoi"]

1. c4 g6 2. g3 Bg7 3. Bg2 Nf6 4. Nc3 d6 5. e3 O-O 6. Nge2 c5 7. O-O Nc6 8. Rb1
Bf5 9. d3 Ne5 10. Nf4 Bg4 11. f3 Bd7 12. b3 a6 13. d4 cxd4 14. exd4 Nc6 15. Be3
b5 16. Qd2 bxc4 17. bxc4 Na5 18. Rb4 Rc8 19. c5 Be8 20. Na4 Bb5 21. Rc1 g5 22.
Nd3 Nd5 23. Nf2 Nxb4 24. Qxb4 Nc6 25. Qa3 Qa5 26. d5 Nd4 0-1

[Event "Foxwoods Open"]
[Site "Ledyard, CT"]
[Date "2009.04.09"]
[Round "3"]
[White "Hess, Robert"]
[Black "Ehlvest, Jaan"]
[Result "1-0"]
[WhiteElo "2545"]
[BlackElo "2649"]
[PlyCount "75"]
[EventDate "2009.04.??"]
[EventRounds "9"]
[EventCountry "USA"]
[Source "MonRoi"]

1. e4 g6 2. d4 Bg7 3. Nc3 d6 4. Bg5 c6 5. Qd2 b5 6. a3 Nd7 7. f4 Nb6 8. b3 a6
9. Be2 Bb7 10. Bf3 Qc7 11. Rd1 c5 12. dxc5 Qxc5 13. e5 Rb8 14. Bxe7 Nxe7 15.
Bxb7 Qxa3 16. Ne4 O-O 17. Qxd6 Qxd6 18. Nxd6 Nf5 19. Bxa6 Ne3 20. Rd2 Ra8 21.
Bb7 Ra1+ 22. Ke2 Nf5 23. g4 Nxd6 24. Rxd6 Nc8 25. Ra6 Rc1 26. Kd2 Rf1 27. Ne2
Rxh1 28. Bxh1 g5 29. Ra5 gxf4 30. Rxb5 Ne7 31. Be4 Ng6 32. Bxg6 fxg6 33. Nd4 f3
34. Ke1 Bh6 35. e6 Bd2+ 36. Kf1 Bc3 37. e7 Re8 38. Nc6 1-0

[Event "Foxwoods Open"]
[Site "Ledyard, CT"]
[Date "2009.04.09"]
[Round "3"]
[White "Kacheishvili, Giorgi"]
[Black "Yang, Darwin"]
[Result "1-0"]
[WhiteElo "2647"]
[BlackElo "2313"]
[PlyCount "69"]
[EventDate "2009.04.??"]
[EventRounds "9"]
[EventCountry "USA"]
[Source "MonRoi"]

1. d4 d5 2. Nf3 Nf6 3. c4 c6 4. Nc3 e6 5. Bg5 dxc4 6. e4 b5 7. e5 h6 8. Bh4 g5
9. Nxg5 hxg5 10. Bxg5 Nbd7 11. g3 Qb6 12. exf6 Bb7 13. Bg2 O-O-O 14. O-O c5 15.
d5 b4 16. Na4 Qa6 17. a3 Bxd5 18. Bxd5 Ne5 19. Qe2 Rxd5 20. axb4 cxb4 21. Rfc1
Qc6 22. Bf4 Bh6 23. Bxe5 Bxc1 24. Rxc1 Qxa4 25. Rxc4+ Kb7 26. Rc7+ Ka8 27. h4
Qa5 28. Qe4 Qa6 29. Rxf7 Rc8 30. Kh2 b3 31. Qf3 Qb6 32. Re7 Qc6 33. Rc7 Rxc7
34. Bxc7 Qxc7 35. f7 1-0

[Event "Foxwoods Open"]
[Site "Ledyard, CT"]
[Date "2009.04.09"]
[Round "3"]
[White "Mandiza, Farai"]
[Black "Strenzwilk, Denis"]
[Result "1/2-1/2"]
[WhiteElo "2343"]
[BlackElo "2200"]
[PlyCount "141"]
[EventDate "2009.04.??"]
[EventRounds "9"]
[EventCountry "USA"]
[Source "MonRoi"]

1. d4 d5 2. c4 e6 3. Nc3 Be7 4. cxd5 exd5 5. Bf4 Nf6 6. e3 O-O 7. Bd3 c6 8. Qc2
Nbd7 9. Nf3 Re8 10. h4 Nf8 11. h5 Be6 12. Ne5 Rc8 13. h6 g6 14. O-O N6d7 15. e4
Nxe5 16. Bxe5 Bg5 17. Bg7 Bf6 18. exd5 cxd5 19. f4 Bxg7 20. hxg7 Kxg7 21. f5
gxf5 22. Bxf5 Qg5 23. Qf2 Ng6 24. Rad1 Nh4 25. Bc2 Kh8 26. Qf6+ Qxf6 27. Rxf6
Rg8 28. Rd2 Rg5 29. Rf4 Ng6 30. Rff2 a6 31. Na4 Rc7 32. Nc5 Re7 33. Bd3 Rg4 34.
Be2 Rf4 35. Rxf4 Nxf4 36. Bf3 Kg7 37. Kh2 Ng6 38. Re2 Bc8 39. Rc2 Bf5 40. Rc3
Be4 41. Bd1 Nf4 42. Rb3 Ne6 43. Nxe6+ fxe6 44. Rb6 Kf6 45. Bg4 Bf5 46. Bf3 Rd7
47. Kg3 Kg5 48. Kf2 h5 49. g3 Rc7 50. Ke3 Re7 51. a4 Bg4 52. Bg2 Bd1 53. a5 Ba4
54. Bf3 Bc6 55. Be2 Rc7 56. Kd2 h4 57. gxh4+ Kxh4 58. Ke3 Kg5 59. Rb3 Ba4 60.
Rc3 Rxc3+ 61. bxc3 Bc2 62. Kd2 Bb3 63. Kc1 Kf4 64. Kb2 Bc4 65. Bh5 e5 66. dxe5
Kxe5 67. Ka3 d4 68. cxd4+ Kxd4 69. Kb4 Bd5 70. Bd1 Bc6 71. Be2 1/2-1/2

[Event "Foxwoods Open"]
[Site "Ledyard, CT"]
[Date "2009.04.09"]
[Round "3"]
[White "Perelshteyn, Eugene"]
[Black "Schneider, Igor"]
[Result "1/2-1/2"]
[WhiteElo "2599"]
[BlackElo "2443"]
[PlyCount "49"]
[EventDate "2009.04.??"]
[EventRounds "9"]
[EventCountry "USA"]
[Source "MonRoi"]

1. d4 d5 2. c4 e6 3. Nc3 c6 4. e4 Bb4 5. cxd5 exd5 6. e5 c5 7. a3 Bxc3+ 8. bxc3
Ne7 9. Nf3 Nbc6 10. Be2 O-O 11. O-O Bg4 12. h3 Bh5 13. g4 Bg6 14. Nh4 cxd4 15.
cxd4 f6 16. exf6 Rxf6 17. Bg5 Re6 18. Nxg6 Rxg6 19. Bf4 Qb6 20. Be3 Rf8 21. Bd3
Re6 22. Qb1 Qc7 23. Kg2 Ng6 24. Bxg6 Rxg6 25. Qd3 1/2-1/2

[Event "Foxwoods Open"]
[Site "Ledyard, CT"]
[Date "2009.04.09"]
[Round "3"]
[White "Rodriguez, Eric"]
[Black "Pamatmat, Jarod"]
[Result "1-0"]
[WhiteElo "2321"]
[BlackElo "2165"]
[PlyCount "107"]
[EventDate "2009.04.??"]
[EventRounds "9"]
[EventCountry "USA"]
[Source "MonRoi"]

1. d4 d5 2. c4 c6 3. Nf3 Nf6 4. Nc3 dxc4 5. a4 Bf5 6. e3 e6 7. Bxc4 Bb4 8. O-O
O-O 9. Qe2 Nbd7 10. e4 Bg6 11. Bd3 Bh5 12. e5 Nd5 13. Nxd5 cxd5 14. Qe3 Bg6 15.
Ng5 Re8 16. Bxg6 fxg6 17. Qh3 Nf8 18. Qb3 Qa5 19. Be3 Rac8 20. Rac1 h6 21. Nh3
b5 22. Ra1 a6 23. Nf4 Rc4 24. Qd3 g5 25. Ne2 Rec8 26. f4 gxf4 27. Nxf4 Rc2 28.
axb5 Qxb5 29. Rxa6 Qxd3 30. Nxd3 Bd2 31. Bf2 Rb8 32. Kh1 Rb3 33. Nc5 Rbxb2 34.
Ra8 Rc1 35. Rxc1 Bxc1 36. Bg3 Be3 37. h4 Kf7 38. h5 Bxd4 39. Rxf8+ Kxf8 40.
Nxe6+ Kf7 41. Nxd4 Rb4 42. e6+ Ke8 43. Nf5 Rg4 44. Bh4 Rxh4+ 45. Nxh4 Ke7 46.
g4 Kxe6 47. Kg2 Kf6 48. Kg3 d4 49. Kf4 d3 50. Nf3 g6 51. hxg6 d2 52. Nxd2 Kxg6
53. Nf3 h5 54. g5 1-0

[Event "Foxwoods Open"]
[Site "Ledyard, CT"]
[Date "2009.04.09"]
[Round "3"]
[White "Sadvakasov, Darmen"]
[Black "Vigorito, David"]
[Result "1-0"]
[WhiteElo "2611"]
[BlackElo "2453"]
[PlyCount "73"]
[EventDate "2009.04.??"]
[EventRounds "9"]
[EventCountry "USA"]
[Source "MonRoi"]

1. e4 c5 2. Nf3 d6 3. d4 cxd4 4. Nxd4 Nf6 5. Nc3 a6 6. Be3 e5 7. Nb3 Be6 8. f3
Nbd7 9. g4 Nb6 10. g5 Nh5 11. Qd2 Be7 12. O-O-O O-O 13. Kb1 Rc8 14. Rg1 Qc7 15.
Qf2 Bd8 16. h4 f5 17. Bh3 Nc4 18. exf5 Bxf5 19. Bxf5 Rxf5 20. Nd5 Qf7 21. Qe2
b5 22. Bc1 Rxf3 23. Nf6+ Rxf6 24. gxf6 Nxf6 25. Bh6 Ne8 26. h5 Kh8 27. Rdf1 Bf6
28. Bg5 Qe7 29. Nd4 Rc7 30. Nf5 Qe6 31. h6 Rf7 32. Bxf6 Qxf6 33. Ka1 e4 34. c3
Qe5 35. hxg7+ Nxg7 36. Nxg7 Rxf1+ 37. Qxf1 1-0

[Event "Foxwoods Open"]
[Site "Ledyard, CT"]
[Date "2009.04.09"]
[Round "3"]
[White "Sarkar, Justin"]
[Black "Thaler, Michael"]
[Result "1-0"]
[WhiteElo "2452"]
[BlackElo "2285"]
[PlyCount "139"]
[EventDate "2009.04.??"]
[EventRounds "9"]
[EventCountry "USA"]
[Source "MonRoi"]

1. d4 d5 2. c4 c6 3. Nf3 Nf6 4. e3 Bg4 5. Qb3 Qb6 6. Ne5 Bf5 7. cxd5 Qxb3 8.
axb3 Nxd5 9. Nd2 Nb4 10. Ra4 b5 11. Rxb4 a5 12. Rxb5 cxb5 13. Bxb5+ Bd7 14.
Nxd7 Nxd7 15. Nc4 Rb8 16. Ba4 Kd8 17. Bd2 e6 18. Bxa5+ Ke7 19. Ke2 Rb7 20. Rd1
f6 21. d5 exd5 22. Rxd5 Ke6 23. Bc6 Ra7 24. Rb5 Bd6 25. Bc3 Rc8 26. Bd4 Rac7
27. Be4 g6 28. Ra5 Be5 29. Bxe5 Nxe5 30. f4 Nc6 31. Ra6 f5 32. Bf3 Ke7 33. Nb6
Rd8 34. Nd5+ Rxd5 35. Bxd5 Nb4 36. Re6+ Kd7 37. Re5 Rc2+ 38. Kd1 Rxb2 39. Bf3
Rxb3 40. Rb5 Kd6 41. Kd2 Rd3+ 42. Ke2 Rb3 43. Bd5 Rb2+ 44. Kf3 Nd3 45. Rxb2
Nxb2 46. Bg8 Ke7 47. e4 h6 48. e5 Nd3 49. Ke3 Nb4 50. Kd2 g5 51. Kc3 Na6 52. g4
fxg4 53. f5 Nc7 54. f6+ Kf8 55. Bc4 Ne8 56. Kd4 h5 57. Ke4 h4 58. Kf5 g3 59.
hxg3 hxg3 60. Bf1 Nc7 61. Kxg5 Nd5 62. e6 Ke8 63. Bg2 Nc7 64. Bc6+ Kf8 65. Kf5
Kg8 66. Ke5 Kf8 67. Kd6 Ne8+ 68. Bxe8 g2 69. Bg6 g1=Q 70. e7+ 1-0

[Event "Foxwoods Open"]
[Site "Ledyard, CT"]
[Date "2009.04.09"]
[Round "3"]
[White "Shankland, Samuel"]
[Black "Lenderman, Alex"]
[Result "1-0"]
[WhiteElo "2477"]
[BlackElo "2603"]
[PlyCount "95"]
[EventDate "2009.04.??"]
[EventRounds "9"]
[EventCountry "USA"]
[Source "MonRoi"]

1. d4 d5 2. c4 c6 3. Nc3 Nf6 4. Nf3 a6 5. a4 e6 6. e3 Bb4 7. Bd2 b6 8. Bd3 c5
9. cxd5 exd5 10. Ne5 Bb7 11. Ne2 Bxd2+ 12. Qxd2 Nbd7 13. O-O O-O 14. Nxd7 Qxd7
15. dxc5 bxc5 16. b4 d4 17. bxc5 dxe3 18. Qxe3 Rfe8 19. Qg3 Ne4 20. Bxe4 Rxe4
21. Rad1 Qe7 22. Nc3 Rc4 23. Nd5 Qxc5 24. Nf6+ Kh8 25. Nd7 Qa5 26. Ne5 Rc7 27.
Qg5 Rc5 28. Nxf7+ Kg8 29. Nh6+ Kh8 30. Qe7 Bd5 31. Nf5 Rg8 32. Nd6 h6 33. Rd4
Ba8 34. Rh4 Kh7 35. Qe3 Rd8 36. Qd3+ Kg8 37. Rxh6 Rg5 38. Qh7+ Kf8 39. Rg6 Rxg6
40. Qxg6 Qd5 41. Nf5 Rd7 42. Ne3 Qc6 43. Qg3 Rd3 44. Rb1 Qxa4 45. Qb8+ Qe8 46.
Qf4+ Ke7 47. Qe5+ Kf7 48. Qf5+ 1-0

[Event "Foxwoods Open"]
[Site "Ledyard, CT"]
[Date "2009.04.09"]
[Round "3"]
[White "Shibut, Macon"]
[Black "Sammour Hasbun, Jorge E"]
[Result "1/2-1/2"]
[WhiteElo "2269"]
[BlackElo "2611"]
[PlyCount "114"]
[EventDate "2009.04.??"]
[EventRounds "9"]
[EventCountry "USA"]
[Source "MonRoi"]

1. e4 e5 2. Nf3 Nc6 3. Bb5 a6 4. Ba4 Nf6 5. Qe2 b5 6. Bb3 Bc5 7. d3 d6 8. c3 h6
9. Nbd2 O-O 10. Nf1 d5 11. Ng3 d4 12. O-O Qd6 13. h3 Rd8 14. Rd1 a5 15. a3 Rb8
16. c4 Be6 17. Nd2 b4 18. a4 Ne7 19. f4 Nc6 20. f5 Bd7 21. Nf3 Kf8 22. Nh2 Ke7
23. Nh5 Rh8 24. Rf1 Nxh5 25. Qxh5 f6 26. Nf3 Rbg8 27. Nh4 Be8 28. Qg4 Kd8 29.
Bd2 Ne7 30. Rf2 Kc8 31. Raf1 Kb7 32. Qe2 Nc8 33. Bd1 Nb6 34. b3 Nd7 35. Kh1 h5
36. Rf3 Nf8 37. Bc1 Qd7 38. Qf2 Be7 39. Rg3 Bd8 40. Qf3 Kb8 41. Rf2 Qc8 42. Rf1
Qd7 43. Rf2 Bf7 44. Qe2 Qe8 45. Qf1 Be7 46. Bd2 Kc8 47. Be2 Kb8 48. Qe1 Rh7 49.
Rf1 Rgh8 50. Qf2 Bd8 51. Qe1 Be7 52. Qd1 Bd8 53. Qe1 Kc8 54. Qd1 Rg8 55. Qe1
Rhh8 56. Qd1 Be7 57. Qe1 Kb8 1/2-1/2

[Event "Foxwoods Open"]
[Site "Ledyard, CT"]
[Date "2009.04.09"]
[Round "3"]
[White "Tan, Oscar"]
[Black "Ippolito, Dean"]
[Result "0-1"]
[WhiteElo "2236"]
[BlackElo "2515"]
[PlyCount "134"]
[EventDate "2009.04.??"]
[EventRounds "9"]
[EventCountry "USA"]
[Source "MonRoi"]

1. e4 c5 2. Nf3 Nc6 3. d4 cxd4 4. Nxd4 Nf6 5. Nc3 e6 6. Bf4 d6 7. Ndb5 e5 8.
Bg5 a6 9. Bxf6 gxf6 10. Na3 b5 11. Nd5 f5 12. exf5 Bxf5 13. c3 Bg7 14. Nc2 O-O
15. Nce3 Be6 16. g3 Rb8 17. Bg2 b4 18. c4 f5 19. f4 e4 20. Qd2 Qd7 21. O-O Qa7
22. Kh1 Qd4 23. Rad1 Bxd5 24. Nxd5 Qxb2 25. Nc7 Qxd2 26. Rxd2 Na5 27. Rxd6 Nxc4
28. Rxa6 Ne3 29. Re1 Nxg2 30. Kxg2 Rfc8 31. Nd5 Rc2+ 32. Kh3 Rc5 33. Rd1 Re8
34. Ne3 Re7 35. Kg2 Bc3 36. Kf2 Kf7 37. g4 fxg4 38. Nxg4 Bg7 39. Ne3 Rh5 40.
Kg3 Rc5 41. Kf2 Rec7 42. Rb6 Bf8 43. Ra6 Rc3 44. Rd5 Bc5 45. Rf5+ Ke8 46. Re5+
Re7 47. Ra8+ Kd7 48. Rd5+ Kc7 49. Rxc5+ Rxc5 50. Ra4 Rh5 51. Rxb4 Rxh2+ 52. Kg3
Rd2 53. Nf5 Re8 54. Ne3 Rg8+ 55. Kh3 Rd6 56. Ng4 Rdg6 57. Rc4+ Kb6 58. Rb4+ Kc5
59. Rxe4 Rxg4 60. a4 Rg3+ 61. Kh2 R3g6 62. Re5+ Kd4 63. Rh5 Rg2+ 64. Kh1 Rg1+
65. Kh2 R8g2+ 66. Kh3 Rh1+ 67. Kxg2 Rxh5 0-1

[Event "Foxwoods Open"]
[Site "Ledyard, CT"]
[Date "2009.04.09"]
[Round "3"]
[White "Thompson, Buddy"]
[Black "Getz, Alec"]
[Result "0-1"]
[WhiteElo "1932"]
[BlackElo "2282"]
[PlyCount "69"]
[EventDate "2009.04.??"]
[EventRounds "9"]
[EventCountry "USA"]
[Source "MonRoi"]

1. d4 d5 2. c4 e6 3. Nc3 Be7 4. Bf4 Nf6 5. e3 O-O 6. cxd5 Nxd5 7. Bg3 c5 8.
Nxd5 Qxd5 9. Qf3 cxd4 10. Qxd5 exd5 11. O-O-O dxe3 12. fxe3 Be6 13. Nf3 Nc6 14.
Be2 Rac8 15. Kb1 Bc5 16. Nd4 Bxd4 17. exd4 Bf5+ 18. Bd3 Bxd3+ 19. Rxd3 Rfe8 20.
Rd2 Re4 21. Rc1 Rd8 22. Rc3 h5 23. h4 Rd7 24. Bf2 Rde7 25. a3 Re2 26. Kc2 f6
27. Rc5 Rxd2+ 28. Kxd2 Rd7 29. Ke3 Kf7 30. b3 g5 31. Bg3 Ke6 32. Rc1 Rg7 33.
Rf1 Ne7 34. Kd3 Nf5 35. Rf3 0-1

[Event "Foxwoods Open"]
[Site "Ledyard, CT"]
[Date "2009.04.09"]
[Round "3"]
[White "Uesugi, Shinsaku"]
[Black "Iwu, Okechukwu"]
[Result "1-0"]
[WhiteElo "2348"]
[BlackElo "2203"]
[PlyCount "77"]
[EventDate "2009.04.??"]
[EventRounds "9"]
[EventCountry "USA"]
[Source "MonRoi"]

1. Nf3 b5 2. e4 Bb7 3. Bd3 c5 4. c3 Qb6 5. O-O e6 6. Bc2 Nf6 7. e5 Nd5 8. d4
Nc6 9. a4 a6 10. Re1 h6 11. Na3 Rc8 12. Be4 cxd4 13. axb5 axb5 14. Bxd5 exd5
15. cxd4 b4 16. Nc2 Be7 17. Ne3 Nd8 18. Nf5 Bf8 19. Be3 Ne6 20. Nd2 g6 21. Ng3
h5 22. Nb3 Be7 23. Qd2 Kf8 24. Ne2 Kg7 25. Nf4 Nxf4 26. Bxf4 h4 27. Bg5 Bxg5
28. Qxg5 Rc2 29. Nc5 Bc8 30. Rac1 Rxc1 31. Rxc1 h3 32. Ra1 hxg2 33. Ra8 Re8 34.
Kxg2 Qc6 35. Rb8 Qc7 36. Rxb4 Qa5 37. Rb3 Qe1 38. Qf6+ Kg8 39. Rh3 1-0

[Event "Foxwoods Open"]
[Site "Ledyard, CT"]
[Date "2009.04.10"]
[Round "4"]
[White "Bonin, Jay"]
[Black "Perelshteyn, Eugene"]
[Result "1/2-1/2"]
[WhiteElo "2378"]
[BlackElo "2599"]
[PlyCount "64"]
[EventDate "2009.04.??"]
[EventRounds "9"]
[EventCountry "USA"]
[Source "MonRoi"]

1. d4 c5 2. d5 e5 3. c4 d6 4. e4 g6 5. Nc3 h5 6. Be2 Bh6 7. Nf3 Kf8 8. h4 f6 9.
a3 Bxc1 10. Qxc1 Na6 11. Rb1 Nh6 12. b4 Kg7 13. Kf1 Nf7 14. Ne1 b6 15. Nd3 f5
16. g3 Nc7 17. Kg2 Ne8 18. f4 fxe4 19. Nxe4 Bf5 20. Bf3 Nf6 21. Re1 cxb4 22.
Nxb4 Bxe4 23. Bxe4 Qd7 24. Nc6 Rae8 25. Rb2 exf4 26. Qxf4 Ne5 27. Nd4 Nxc4 28.
Ne6+ Rxe6 29. dxe6 Qxe6 30. Rbe2 Ne5 31. Rc1 Rf8 32. Rc7+ Rf7 1/2-1/2

[Event "Foxwoods Open"]
[Site "Ledyard, CT"]
[Date "2009.04.10"]
[Round "4"]
[White "Christiansen, Natasha"]
[Black "Cardona, Liulia"]
[Result "0-1"]
[WhiteElo "1865"]
[BlackElo "2181"]
[PlyCount "84"]
[EventDate "2009.04.??"]
[EventRounds "9"]
[EventCountry "USA"]
[Source "MonRoi"]

1. d4 f5 2. Nf3 g6 3. Bf4 Nf6 4. e3 Bg7 5. Bc4 e6 6. Nc3 d6 7. Qe2 d5 8. Bd3 c6
9. h3 Qe7 10. Ne5 Nfd7 11. g4 Nxe5 12. Bxe5 Bxe5 13. dxe5 a6 14. f4 c5 15. Qf2
Bd7 16. O-O-O b5 17. Bf1 b4 18. Ne2 Bb5 19. Bg2 a5 20. Bf3 Bxe2 21. Qxe2 c4 22.
gxf5 gxf5 23. Bh5+ Kf8 24. Rdg1 Rg8 25. Rxg8+ Kxg8 26. Rg1+ Kh8 27. Rg5 Qf8 28.
Qg2 Ra7 29. h4 Na6 30. Bf3 Rg7 31. Qe2 Rxg5 32. hxg5 Qc5 33. Bh5 Kg7 34. Qf3 c3
35. b3 a4 36. Qh3 axb3 37. cxb3 Nc7 38. Be2 Qa7 39. Kb1 Qa3 40. Qh6+ Kg8 41.
Kc2 Qb2+ 42. Kd3 Qd2# 0-1

[Event "Foxwoods Open"]
[Site "Ledyard, CT"]
[Date "2009.04.10"]
[Round "4"]
[White "Dougherty, Michael"]
[Black "Shetty, Atulya A"]
[Result "1-0"]
[WhiteElo "2263"]
[BlackElo "2078"]
[PlyCount "67"]
[EventDate "2009.04.??"]
[EventRounds "9"]
[EventCountry "USA"]
[Source "MonRoi"]

1. Nf3 Nf6 2. c4 g6 3. Nc3 d5 4. cxd5 Nxd5 5. e4 Nxc3 6. bxc3 Bg7 7. Bb5+ Bd7
8. a4 O-O 9. O-O a6 10. Bxd7 Nxd7 11. d4 c5 12. Rb1 Rb8 13. Bf4 e5 14. dxe5 Qc7
15. Qd5 Rfd8 16. Bg3 Nxe5 17. Bxe5 Qe7 18. Bxb8 Rxd5 19. exd5 Qd8 20. Rxb7 Qxd5
21. Re7 Bxc3 22. Re8+ Kg7 23. Be5+ Bxe5 24. Rxe5 Qc4 25. h4 a5 26. Rfe1 Qxa4
27. Rxc5 Qb4 28. Rc7 g5 29. hxg5 a4 30. Ree7 a3 31. Rxf7+ Kg6 32. Rf6+ Kh5 33.
Rxh7+ Kg4 34. Rh4# 1-0

[Event "Foxwoods Open"]
[Site "Ledyard, CT"]
[Date "2009.04.10"]
[Round "4"]
[White "Friedel, Joshua"]
[Black "Mac Intyre, Paul"]
[Result "1-0"]
[WhiteElo "2568"]
[BlackElo "2300"]
[PlyCount "83"]
[EventDate "2009.04.??"]
[EventRounds "9"]
[EventCountry "USA"]
[Source "MonRoi"]

1. e4 e5 2. Nf3 Nc6 3. Bb5 a6 4. Ba4 Nf6 5. O-O Nxe4 6. d4 exd4 7. Re1 d5 8.
Nxd4 Bd6 9. Nxc6 Bxh2+ 10. Kf1 Qh4 11. Be3 O-O 12. Nd4 Bd6 13. Nf3 Qh5 14. Bb3
c6 15. c4 Bb4 16. Nbd2 Bg4 17. Kg1 Nxd2 18. Bxd2 Bxf3 19. gxf3 Qg6+ 20. Kh1
Qh5+ 21. Kg2 Qg6+ 22. Kh3 Qh5+ 23. Kg3 Qg6+ 24. Kh4 Bc5 25. Be3 d4 26. Bf4 d3
27. Qd2 Qf6+ 28. Kg3 Qg6+ 29. Kh2 Rad8 30. Re4 f5 31. Re5 Qh5+ 32. Kg2 Qg6+ 33.
Bg3 f4 34. Rxc5 fxg3 35. Rg5 Qf6 36. c5+ Kh8 37. Rxg3 Rfe8 38. Qg5 Re5 39. Qxf6
gxf6 40. f4 Rxc5 41. Rd1 d2 42. Rxd2 1-0

[Event "Foxwoods Open"]
[Site "Ledyard, CT"]
[Date "2009.04.10"]
[Round "4"]
[White "Ippolito, Dean"]
[Black "Kacheishvili, Giorgi"]
[Result "1/2-1/2"]
[WhiteElo "2515"]
[BlackElo "2647"]
[PlyCount "42"]
[EventDate "2009.04.??"]
[EventRounds "9"]
[EventCountry "USA"]
[Source "MonRoi"]

1. d4 Nf6 2. c4 e6 3. Nc3 Bb4 4. Qc2 O-O 5. e4 d5 6. e5 Ne4 7. a3 Bxc3+ 8. bxc3
c5 9. Bd3 cxd4 10. cxd4 Nc6 11. Ne2 Qa5+ 12. Kf1 f6 13. Bxe4 dxe4 14. exf6 Qf5
15. Be3 Qxf6 16. Qxe4 e5 17. dxe5 Nxe5 18. Bd4 Nxc4 19. Bxf6 Nd2+ 20. Ke1 Nxe4
21. Bd4 b6 1/2-1/2

[Event "Foxwoods Open"]
[Site "Ledyard, CT"]
[Date "2009.04.10"]
[Round "4"]
[White "Lucente, Mike"]
[Black "Kudryavtsev, Vadim"]
[Result "1/2-1/2"]
[WhiteElo "2010"]
[BlackElo "2196"]
[PlyCount "120"]
[EventDate "2009.04.??"]
[EventRounds "9"]
[EventCountry "USA"]
[Source "MonRoi"]

1. d4 Nf6 2. Bg5 Ne4 3. Bf4 c5 4. f3 Qa5+ 5. c3 Nf6 6. Nd2 cxd4 7. Nb3 Qf5 8.
Bxb8 Rxb8 9. Qxd4 b6 10. e4 Qh5 11. e5 Ng8 12. O-O-O e6 13. Bb5 Qg5+ 14. f4 Qd8
15. Nf3 a6 16. Bd3 Ne7 17. Be4 Qc7 18. Kb1 Bb7 19. Rd2 Nd5 20. g3 f5 21. exf6
Nxf6 22. Ng5 Be7 23. Re1 Bxe4+ 24. Nxe4 Qb7 25. Rdd1 Nxe4 26. Qxe4 Qxe4+ 27.
Rxe4 Rc8 28. Nd4 Rf8 29. Nf3 Rc7 30. Ne5 Bf6 31. Rd6 Bxe5 32. Rxe5 Rb7 33. Re2
Ke7 34. Red2 Rf5 35. b4 h6 36. Kc2 g5 37. fxg5 hxg5 38. h4 gxh4 39. gxh4 a5 40.
a3 axb4 41. axb4 b5 42. R6d4 Rc7 43. Rh2 Rh5 44. Rg4 d5 45. Kd2 Kd6 46. Rg8 Rc4
47. Rb8 Rcxh4 48. Rxh4 Rxh4 49. Rxb5 Rh8 50. Rb7 Ra8 51. Rh7 Ra2+ 52. Kd3 Rb2
53. Rh6 Rb1 54. Rh5 Re1 55. Rg5 Re4 56. Rh5 Kc6 57. Rh8 Rg4 58. Rh6 Re4 59. Rh8
Re1 60. Rh6 Kb5 1/2-1/2

[Event "Foxwoods Open"]
[Site "Ledyard, CT"]
[Date "2009.04.10"]
[Round "4"]
[White "Pamatmat, Jarod"]
[Black "Coleman, Teddy"]
[Result "0-1"]
[WhiteElo "2165"]
[BlackElo "2313"]
[PlyCount "54"]
[EventDate "2009.04.??"]
[EventRounds "9"]
[EventCountry "USA"]
[Source "MonRoi"]

1. d4 g6 2. c4 Bg7 3. Nf3 c5 4. d5 d6 5. e4 e6 6. Bd3 exd5 7. cxd5 Bg4 8. Nc3
Ne7 9. h3 Bxf3 10. Qxf3 O-O 11. O-O a6 12. a4 Nd7 13. Bf4 Ne5 14. Qe3 f5 15.
Bg5 f4 16. Bxf4 Nxd3 17. Bxd6 Qxd6 18. Qxd3 Rf7 19. g3 g5 20. Qd2 Be5 21. Ne2
Rg7 22. Kh2 Rf8 23. f4 gxf4 24. gxf4 Qg6 25. Rg1 Qxe4 26. fxe5 Rf2+ 27. Rg2
Qxg2# 0-1

[Event "Foxwoods Open"]
[Site "Ledyard, CT"]
[Date "2009.04.10"]
[Round "4"]
[White "Sadvakasov, Darmen"]
[Black "Shulman, Yuri"]
[Result "0-1"]
[WhiteElo "2611"]
[BlackElo "2697"]
[PlyCount "68"]
[EventDate "2009.04.??"]
[EventRounds "9"]
[EventCountry "USA"]
[Source "MonRoi"]

1. e4 e6 2. d4 d5 3. Nc3 Bb4 4. e5 c5 5. a3 Bxc3+ 6. bxc3 Ne7 7. Nf3 b6 8. a4
Ba6 9. Bxa6 Nxa6 10. O-O h6 11. Qe2 Qc8 12. Qb5+ Nc6 13. a5 bxa5 14. Rxa5 Nab8
15. Ba3 O-O 16. Ra4 Nd7 17. Bxc5 Rb8 18. Qe2 Nxc5 19. dxc5 Ne7 20. Ra5 Qc7 21.
Rfa1 Rb1+ 22. Rxb1 Qxa5 23. Qb5 Qxc3 24. h4 Rc8 25. Qa4 Qxc5 26. Rb7 Nc6 27. g3
a5 28. Kg2 Qc4 29. Qxc4 dxc4 30. Rb5 a4 31. Rb2 c3 32. Ra2 Nb4 33. Rxa4 Nxc2
34. Ng1 Ne1+ 0-1

[Event "Foxwoods Open"]
[Site "Ledyard, CT"]
[Date "2009.04.10"]
[Round "4"]
[White "Schneider, Igor"]
[Black "Yermolinsky, Alex"]
[Result "1/2-1/2"]
[WhiteElo "2443"]
[BlackElo "2582"]
[PlyCount "28"]
[EventDate "2009.04.??"]
[EventRounds "9"]
[EventCountry "USA"]
[Source "MonRoi"]

1. e4 e5 2. Nf3 Nc6 3. Bb5 a6 4. Ba4 Nf6 5. O-O Bc5 6. Re1 O-O 7. c3 b5 8. Bb3
d6 9. d3 h6 10. Nbd2 Re8 11. Nf1 Bb6 12. a4 Rb8 13. axb5 axb5 14. Be3 Be6
1/2-1/2

[Event "Foxwoods Open"]
[Site "Ledyard, CT"]
[Date "2009.04.10"]
[Round "4"]
[White "Shabalov, Alexander"]
[Black "Sarkar, Justin"]
[Result "1-0"]
[WhiteElo "2625"]
[BlackElo "2452"]
[PlyCount "59"]
[EventDate "2009.04.??"]
[EventRounds "9"]
[EventCountry "USA"]
[Source "MonRoi"]

1. e4 e6 2. d4 d5 3. e5 c5 4. c3 Qb6 5. Nf3 Nc6 6. a3 Nh6 7. b4 cxd4 8. cxd4
Nf5 9. Bb2 Bd7 10. g4 Nfe7 11. Nc3 Na5 12. Nd2 Ng6 13. Qc2 Nc4 14. Bxc4 dxc4
15. Nxc4 Qc6 16. Ne4 b5 17. Ncd6+ Bxd6 18. Nxd6+ Ke7 19. Qxc6 Bxc6 20. Rg1 Nf4
21. Kd2 f6 22. Rgc1 Bd7 23. a4 a6 24. axb5 axb5 25. Ra5 Nd5 26. Rca1 Nb6 27. d5
exd5 28. Re1 Rhf8 29. Bd4 Na4 30. Nf5+ 1-0